00794nam a22001937a 450000500170000000800410001702000180005808200200007610000490009624500700014526000360021530000510025149000320030250000630033450400330039750500990043065000430052965000280057220231102152048.0180629b2007 mx ao|||r|||| 00| 0 spa d a9789702918783 4a371.425bC319or1 aCázares González, Yolanda Maríadautor aOrientación vocacionalc / Yolanda María Cázares González3 aMéxicob : Santillanac, 2007 a168 páginasb: ilustraciones, fotografías  aPreuniversitario Santillana aIncluye: glosario (pp. 140-141) apéndice (pp. 142-166)  abibliografía (pp. 167-168) aPerfil de carrera por área Herramientas de diagnóstico (psicometría) Toma de decisiones 14aORIENTACIÓN PROFESIONAL Y VOCACIONAL10aORIENTACIÓN EDUCATIVA